Library Logo

Pioneer International University Library Catalogue

Friends in high places : (Record no. 9398)

MARC details
000 -LEADER
fixed length control field 01165cam a2200325 a 4500
001 - CONTROL NUMBER
control field 2598907
003 - CONTROL NUMBER IDENTIFIER
control field OSt
005 - DATE AND TIME OF LATEST TRANSACTION
control field 20250901165811.0
008 - FIXED-LENGTH DATA ELEMENTS--GENERAL INFORMATION
fixed length control field 971008s1997 nyua 001 0aeng
010 ## - LIBRARY OF CONGRESS CONTROL NUMBER
LC control number 97032401
020 ## - INTERNATIONAL STANDARD BOOK NUMBER
International Standard Book Number 0688157491
040 ## - CATALOGING SOURCE
Original cataloging agency DLC
Transcribing agency DLC
Modifying agency DLC
043 ## - GEOGRAPHIC AREA CODE
Geographic area code n-us---
-- n-us-ar
050 00 - LIBRARY OF CONGRESS CALL NUMBER
Classification number E 840 .8.H8 A3 1997
Item number A3 1997
082 00 - DEWEY DECIMAL CLASSIFICATION NUMBER
Classification number 973.929/092
Edition information 21
100 1# - MAIN ENTRY--PERSONAL NAME
Personal name Hubbell, Webb,
Dates associated with a name 1948-
245 10 - TITLE STATEMENT
Title Friends in high places :
Remainder of title our journey from Little Rock to Washington, D.C. /
Statement of responsibility, etc. Webb Hubbell.
250 ## - EDITION STATEMENT
Edition statement 1st ed.
260 ## - PUBLICATION, DISTRIBUTION, ETC.
Place of publication, distribution, etc. New York :
Name of publisher, distributor, etc. W. Morrow,
Date of publication, distribution, etc. c1997.
300 ## - PHYSICAL DESCRIPTION
Extent viii, 342 p. :
Other physical details ill. ;
Dimensions 25 cm.
500 ## - GENERAL NOTE
General note Includes index.
600 10 - SUBJECT ADDED ENTRY--PERSONAL NAME
Personal name Hubbell, Webb,
Dates associated with a name 1948-
600 10 - SUBJECT ADDED ENTRY--PERSONAL NAME
Personal name Clinton, Bill,
Dates associated with a name 1946-
General subdivision Friends and associates
-- Biography.
600 10 - SUBJECT ADDED ENTRY--PERSONAL NAME
Personal name Clinton, Hillary Rodham.
651 #0 - SUBJECT ADDED ENTRY--GEOGRAPHIC NAME
Geographic name United States
General subdivision Politics and government
Chronological subdivision 1993-2001.
651 #0 - SUBJECT ADDED ENTRY--GEOGRAPHIC NAME
Geographic name Arkansas
General subdivision Politics and government
Chronological subdivision 1951-
906 ## - LOCAL DATA ELEMENT F, LDF (RLIN)
a 7
b cbc
c orignew
d 1
e ocip
f 19
g y-gencatlg
942 ## - ADDED ENTRY ELEMENTS (KOHA)
Source of classification or shelving scheme Library of Congress Classification
Koha item type Books
Holdings
Withdrawn status Lost status Source of classification or shelving scheme Damaged status Not for loan Home library Current library Shelving location Date acquired Total checkouts Full call number Barcode Date last seen Price effective from Koha item type
    Library of Congress Classification     Main Library Main Library   03/24/2025   E 840 .8.H8 A3 1997 PIU0006623 03/24/2025 03/24/2025 Books